| 000 | 00000nam##2200000za#4500 |
| 001 | 9.639707 |
| 003 | CaOODSP |
| 005 | 20250319165015 |
| 007 | cr ||||||||||| |
| 008 | 150407|1999||||xxc|||||o f|0| 0 fre|d |
| 040 | |aCaOODSP|bfre |
| 043 | |an-cn--- |
| 086 | 1 |aH88-3/26-1999F-PDF |
| 110 | 1 |aCanada.|bDivision du vieillissement et des aînés. |
| 245 | 10|aCommuniquer avec les aînés : |h[ressource électronique]|bconseils et techniques |
| 260 | |aOttawa - Ontario : |bSanté Canada. |cc1999. |
| 300 | |a48p.|bréférences, tableaux, photographies |
| 500 | |aLe n° de catalogue (H88-3/26-1999F) et l'ISBN (0-66283749-5) de l'édition imprimée ont été incorrectement copiés dans cette édition électronique. |
| 590 | |a12-17-Supp|b2012-04-20 |
| 691 | 07|aRelations interpersonnelles|2gcpds |
| 691 | 07|aAîné|2gcpds |
| 691 | 07|aCondition de la personne âgée|2gcpds |
| 691 | 07|aPromotion de la santé|2gcpds |
| 775 | 08|tCommunicating with seniors : |w(CaOODSP)9.695574 |
| 776 | 0#|tCommuniquer avec les aînés : |w(CaOODSP)9.680767 |
| 856 | 40|ahttp://publications.gc.ca|qPDF|s2.63 Mo|uhttps://publications.gc.ca/collections/Collection/H88-3-26-1999F.pdf |